Due ragazzi, Dublino, il mare

Tallennettuna:
Bibliografiset tiedot
Päätekijä: O'Neill Jamie
Aineistotyyppi: Kirja
Kieli:määrittelemätön
Julkaistu: Milano Rizzoli 2003
Tagit: Lisää tagi
Ei tageja, Lisää ensimmäinen tagi!

MARC

LEADER 00000nam a2200000Ia 4500
001 307
003 NUMERAZIONE-ORIGINALE-BRESCIA
005 20260206230752.0
008 260206s9999 xx 000 0 und d
100 |a O'Neill Jamie 
245 0 |a Due ragazzi, Dublino, il mare 
260 |a Milano 
260 |b Rizzoli 
260 |c 2003 
500 |a La Scala 
942 |2 ddc  |c BK  |n 0 
952 |0 0  |1 0  |2 ddc  |4 0  |6 23  |7 0  |9 28508  |a BS  |b BS  |d 2026-02-06  |i 307  |l 0  |o 2-3-*  |r 2026-02-06 22:40:36  |w 2026-02-06  |x [REVISIONARE]  |y BK 
999 |c 24180  |d 24180